000 00618nam a2200205 i 4500
001 5423
003 ES-MaACL
005 20230906144556.0
007 t|
008 880614s1983 sp d |||| | spa d
080 _a616-006
100 1 _aGarcía-Conde, Javier.
_954378
245 1 3 _aLa oncología médica
_b: formación, método y estrategia terapéutica /
_cpor J. García-Conde.
260 _aMadrid :
_bProductos Roche,
_c[1983]
300 _a96 p. :
_bgráf. ;
_c24 cm.
504 _aBibliografía: p. 92-96.
650 4 _aOncología.
_915704
710 2 _aProductos Roche.
_96261
852 _aES-MaACL
_jL-12126
999 _c5423
_d5423